000 00399nam a22001697a 4500
005 20171213050346.0
008 081107s2010 nyua v 001 0 eng
010 _a
020 _a9780073375977
020 _a0073375977
041 0 _aeng
080 _a004
100 1 _a27
101 _aIM
245 1 0 _aSoftware engineering :
_cRoger S. Pressman.
942 _2udc
_cBK
999 _c755
_d755